zpět

Detail výsledku týmu

Na Dobrým místě, Úvaly

Datum a čas kvízu

27 Celkem bodů Celkový počet nahraných bodů na tomto kvízu bez doplňovacích otázek.
7. Pořadí na kvízu Konečné umístění týmu na tomto kvízu.

Zaznamenané odpovědi

# Otázka Odpověď Body Výsledky
1. Ekonomka a bývalá rektorka brn... Danuše Nerudová 0
2. Velkolepé čtyřdenní oslavy pla... medvídek (Paddington) 1
3. Nejsledovanější kauza současno... 15 milionů USD 0
4. Dvě velké banky se v České rep... Komerční banka, Moneta 1
5. Britský fotbalový fanoušek dos... Alex Fergusson 1
6. V dalším díle této tematické s... arapaima 1
7. Merlík čilský je rostlina z če... quinoa 0
8. Tento jihoamerický dravý pták... kondor 0
9. Tato velká šelma je svým výsky... jaguár 0
10. Broméliovité je čeleď rostlin... A 1